Patente industrial 376821, para recuperación y rectificación de aceites de los residuos producidos en las almazaras. (Record no. 116081)

MARC details
000 -LEADER
campo de control de longitud fija 00472nam a2200145 4500
001 - NÚMERO DE CONTROL
campo de control 116081
003 - IDENTIFICADOR DE NÚMERO DE CONTROL
campo de control ES-MaACL
005 - FECHA Y HORA DE LA ÚLTIMA TRANSACCIÓN
campo de control 20230906190628.0
007 - CAMPO FIJO DE DESCRIPCIÓN FÍSICA--INFORMACIÓN GENERAL
campo de control de longitud fija t|
008 - DATOS DE LONGITUD FIJA--INFORMACIÓN GENERAL
campo de control de longitud fija 061121s1971 sp r ||||1| spa d
245 00 - MENCIÓN DEL TÍTULO
Título Patente industrial 376821, para recuperación y rectificación de aceites de los residuos producidos en las almazaras.
260 ## - PUBLICACIÓN, DISTRIBUCIÓN, ETC.
Lugar de publicación, distribución, etc. Toledo :
Nombre del editor, distribuidor, etc. [s. n.],
Fecha de publicación, distribución, etc. 1971 (
Fabricante Imp. Rofi)
300 ## - DESCRIPCIÓN FÍSICA
Extensión 33 f., 1 lám. ;
Dimensiones 22 cm.
852 ## - LOCALIZACIÓN
Ubicación ES-MaACL
Número de control de estantería C-44586
Sublocalización o colección R.78608
Holdings
Estatus retirado Estado de pérdida Estado de daño No para préstamo Biblioteca de origen Biblioteca actual Ubicación en estantería Fecha de adquisición Fuente de adquisición Total de préstamos Signatura topográfica completa Código de barras Visto por última vez Precio de reemplazo Tipo de ítem Koha
        Biblioteca del Ateneo de Madrid Biblioteca del Ateneo de Madrid Depósito 2 17/01/2008     C-44586 1121049 23/02/2023 23/02/2023 Libro impreso